000
00276nam a2200109 4500
008
160625b xxu||||| |||| 00| 0 eng d
100
_9
1172
_a
Heneman, H.G
245
_a
Labor Economics
260
_a
N.Y
_b
South Western Pub.
_c
1965
300
_a
Labor Economics
942
_2
ddc
_c
BK
999
_c
954
_d
954